Statistics for Scottish Football Clubs to Cities Map

Click here to take the quiz!

General Stats

  • This quiz has been taken 96 times
    (95 since last reset)
  • The average score is 21 of 32

Answer Stats

Clubs % Correct
Celtic, Partick Thistle,
Queen's Park & Rangers
97%
Aberdeen & Cove Rangers
94%
Edinburgh City,
Hearts & Hibernian
90%
Dundee & Dundee United
87%
Ayr United
81%
Hamilton Academical
& Motherwell
76%
Stirling Albion
75%
Kilmarnock
73%
Falkirk & Stenhousemuir
72%
St Johnstone
70%
Greenock Morton
67%
Inverness Caledonian Thistle
67%
Stranraer
66%
Arbroath
66%
Queen of the South
66%
Ross County
63%
Peterhead
63%
Forfar Athletic
61%
Elgin City
61%
Livingston
60%
Airdieonians & Albion Rovers
57%
Dunfermline Athletic
57%
Annan Athletic
55%
Montrose
55%
Brechin City
54%
East Fife
54%
St Mirren
54%
Alloa Athletic
51%
Raith Rovers
51%
Dumbarton
51%
Cowdenbeath
46%
Clyde
40%

Score Distribution

Percentile by Number Answered

Percent of People with Each Score

Your Score History

You have not taken this quiz since the last reset